[Event "Wch U18"]
[Site "Montesilvano"]
[Date "2023.11.13"]
[Round "1"]
[White "Nikolov, Yavor"]
[Black "Nguyen, Quoc Hy"]
[Result "0-1"]
[WhiteElo "2067"]
[BlackElo "2392"]
[PlyCount "84"]
[EventDate "2023.11.13"]
[EventType "swiss"]
[EventRounds "11"]
[EventCountry "ITA"]
[SourceTitle "CB48_2023"]
[SourceDate "2023.11.29"]
[SourceVersion "1"]
[SourceVersionDate "2023.11.29"]
[SourceQuality "1"]

1. e4 c5 2. Nf3 Nc6 3. d4 cxd4 4. Nxd4 Nf6 5. Nc3 d6 6. Be2 e5 7. Nb3 Be7 8. Nd4 Bf8 9. Nb3 Be7 10. Nd4 Bf8 11. Nb3 Be7 12. Nd4 Bf8 13. Nb3 Be7 14. Be3 Be6 15. f3 0-0 16. 0-0 a5 17. a4 Nb4 18. Qd2 d5 19. exd5 Nfxd5 20. Nxd5 Nxd5 21. Bb5 Qc7 22. Be2 Qd8 23. Bb5 Qc7 24. Be2 Qd8 25. Bb5 Qc7 26. Be2 Qd8 27. Bb5 Qc7 28. Be2 Qd8 29. Bb5 Qc7 30. Bf2 Rfd8 31. Be3 Rf8 32. Bf2 Rfd8 33. Be3 Rf8 34. Bf2 Rfd8 35. c4 Nf4 36. Qc2 g6 37. Nc1 Bf5 38. Qb3 Rd2 39. Qc2 Rdd8 40. Qb3 Rd2 41. Qe3 Rad8 42. b3 Rxf2 0-1

[Event "Shumen Stojan Ivanov Memorial"]
[Site "Shumen"]
[Date "2023.07.30"]
[Round "10"]
[White "Nikolov, Yavor"]
[Black "Videnova, Iva"]
[Result "1-0"]
[WhiteElo "2099"]
[BlackElo "2319"]
[PlyCount "117"]
[EventDate "2023.07.28"]
[EventType "swiss (rapid)"]
[EventRounds "11"]
[EventCountry "BUL"]
[SourceTitle "CBM 215 Extra"]
[Source "ChessBase"]
[SourceDate "2023.09.30"]
[SourceVersion "1"]
[SourceVersionDate "2023.09.30"]
[SourceQuality "1"]

1. d3 g6 2. Nf3 Bg7 3. g3 c5 4. Bg2 Nc6 5. 0-0 Nf6 6. Nbd2 0-0 7. e4 d5 8. Re1 e6 9. Qe2 a5 10. Nf1 b5 11. e5 Nd7 12. Bf4 b4 13. h4 Ba6 14. N1h2 c4 15. Ng4 Nc5 16. Red1 b3 17. axb3 cxd3 18. cxd3 Nxb3 19. Bh6 Bxh6 20. Nxh6+ Kg7 21. Qe3 Ne7 22. Ra3 Rb8 23. Ng5 Nf5 24. Nxf5+ gxf5 25. Nh3 d4 26. Qe2 Nc5 27. Nf4 Kh8 28. Qd2 a4 29. Nh5 Rg8 30. Nf6 Rg6 31. Qc1 Rc8 32. Qd2 Bb5 33. Qb4 Be8 34. Rc1 Nd7 35. Rxc8 Qxc8 36. Nxe8 Qxe8 37. Qxa4 Rg8 38. Bc6 Qb8 39. Bxd7 Qxe5 40. Qa5 Qe2 41. Bc6 f4 42. Bg2 fxg3 43. fxg3 Qe3+ 44. Kh1 e5 45. Qb4 Qxg3 46. Qd2 Qxh4+ 47. Kg1 f5 48. Ra8 Rxa8 49. Bxa8 Qg3+ 50. Bg2 f4 51. Qe2 Qg5 52. b4 Qe7 53. b5 Qc5 54. b6 Kg7 55. b7 Qc1+ 56. Kh2 Qc7 57. Qg4+ Kh6 58. Qc8 Qe7 59. Qh3+ 1-0

[Event "Sitges Sunway op 9th"]
[Site "Sitges"]
[Date "2022.12.19"]
[Round "7"]
[White "Nikolov, Yavor"]
[Black "Mamedov, Edgar"]
[Result "1/2-1/2"]
[WhiteElo "2092"]
[BlackElo "2283"]
[PlyCount "115"]
[EventDate "2022.12.12"]
[EventType "swiss"]
[EventRounds "10"]
[EventCountry "ESP"]
[SourceTitle "CBM 211 Extra"]
[Source "ChessBase"]
[SourceDate "2023.01.31"]
[SourceVersion "1"]
[SourceVersionDate "2023.01.31"]
[SourceQuality "1"]

1. e4 c5 2. Nf3 e6 3. d3 Nc6 4. g3 Nf6 5. Bg2 d6 6. 0-0 Be7 7. c3 0-0 8. Re1 Bd7 9. d4 cxd4 10. cxd4 d5 11. e5 Ne4 12. Nbd2 Nxd2 13. Bxd2 Qb6 14. Bc3 Rac8 15. Qd2 Rc7 16. a3 a5 17. Rec1 Rfc8 18. Bf1 Be8 19. Rc2 Qb3 20. Rcc1 Qb6 21. Kg2 f5 22. Ne1 a4 23. Be2 Ra8 24. Nd3 Nd8 25. Bb4 Bxb4 26. Qxb4 Qxb4 27. Nxb4 Rac8 28. Rxc7 Rxc7 29. Kf1 b5 30. Ke1 Nb7 31. Kd1 Na5 32. Na6 Rc8 33. Nc5 Kf7 34. Rc1 Ke7 35. Rc3 Nc4 36. Bxc4 dxc4 37. Kd2 Rd8 38. Ke3 g5 39. f4 gxf4+ 40. gxf4 Bc6 41. Ke2 Rxd4 42. Rh3 Bd5 43. Rxh7+ Ke8 44. Rh8+ Kf7 45. Ke3 c3 46. bxc3 Rc4 47. Nd7 Rxc3+ 48. Kd2 Rxa3 49. Nf6 b4 50. h4 Ra2+ 51. Kd3 b3 52. Rh7+ Kf8 53. Rd7 Be4+ 54. Kc3 b2 55. Rd8+ Kg7 56. Rd7+ Kf8 57. Rd8+ Kf7 58. Rd7+ 1/2-1/2

[Event "Sitges Sunway op 9th"]
[Site "Sitges"]
[Date "2022.12.12"]
[Round "1"]
[White "Nikolov, Yavor"]
[Black "Fernandez Guillen, Ernesto J"]
[Result "0-1"]
[WhiteElo "2092"]
[BlackElo "2462"]
[PlyCount "68"]
[EventDate "2022.12.12"]
[EventType "swiss"]
[EventRounds "10"]
[EventCountry "ESP"]
[SourceTitle "CBM 211 Extra"]
[Source "ChessBase"]
[SourceDate "2023.01.31"]
[SourceVersion "1"]
[SourceVersionDate "2023.01.31"]
[SourceQuality "1"]

1. Nf3 Nf6 2. g3 b6 3. Bg2 Bb7 4. 0-0 g6 5. d3 d5 6. Nbd2 Bg7 7. c3 0-0 8. Qc2 Nbd7 9. b3 c5 10. e4 Qc7 11. Re1 e5 12. Bb2 Rfe8 13. Rad1 Rad8 14. Nf1 c4 15. bxc4 dxc4 16. dxc4 Nc5 17. N3d2 Nd3 18. Re2 Bf8 19. Ne3 Bc5 20. Nb3 Nxb2 21. Rxd8 Rxd8 22. Nxc5 Qxc5 23. Qxb2 Bxe4 24. Rd2 Rxd2 25. Qxd2 Kg7 26. h4 Bxg2 27. Kxg2 Qc6+ 28. Kg1 Qf3 29. a4 Ne4 30. Qe1 Nc5 31. Qa1 Qe2 32. Qb1 Nd3 33. Qc2 Qe1+ 34. Kg2 Qxe3 0-1

[Event "Wch U18"]
[Site "Mamaia"]
[Date "2022.09.06"]
[Round "1"]
[White "Stoyanov, Tsvetan"]
[Black "Nikolov, Yavor"]
[Result "1-0"]
[WhiteElo "2457"]
[BlackElo "2143"]
[PlyCount "49"]
[EventDate "2022.09.06"]
[EventType "swiss"]
[EventRounds "11"]
[EventCountry "ROU"]
[SourceTitle "CBM 210 Extra"]
[Source "ChessBase"]
[SourceDate "2022.11.30"]
[SourceVersion "1"]
[SourceVersionDate "2022.11.30"]
[SourceQuality "1"]

1. c4 e6 2. Nf3 d5 3. e3 Nf6 4. Nc3 c5 5. d4 a6 6. cxd5 exd5 7. g3 Nc6 8. Bg2 Bg4 9. 0-0 Be7 10. dxc5 Bxc5 11. h3 Be6 12. b3 0-0 13. Bb2 Qe7 14. Ne2 Ne4 15. Nfd4 Nxd4 16. Nxd4 Rad8 17. Rc1 Ba7 18. Qh5 Bb8 19. Rfd1 g6 20. Qh6 f6 21. Ba3 Bd6 22. Nxe6 Qxe6 23. Bxd6 Rxd6 24. Rc7 Rf7 25. Rxf7 1-0

[Event "Shumen Ivanov Memorial"]
[Site "Shumen"]
[Date "2022.07.30"]
[Round "5"]
[White "Nikolov, Momchil"]
[Black "Nikolov, Yavor"]
[Result "1-0"]
[WhiteElo "2463"]
[BlackElo "2138"]
[PlyCount "47"]
[EventDate "2022.07.30"]
[EventType "swiss (rapid)"]
[EventRounds "9"]
[EventCountry "BUL"]
[SourceTitle "CBM 209 Extra"]
[Source "ChessBase"]
[SourceDate "2022.09.30"]
[SourceVersion "1"]
[SourceVersionDate "2022.09.30"]
[SourceQuality "1"]

1. d4 d5 2. c4 e6 3. Nc3 Nf6 4. cxd5 Nxd5 5. e4 Nxc3 6. bxc3 c5 7. Nf3 cxd4 8. cxd4 Bb4+ 9. Bd2 Bxd2+ 10. Qxd2 0-0 11. Bc4 b6 12. d5 Ba6 13. Bxa6 Nxa6 14. d6 Nc5 15. e5 f6 16. 0-0 fxe5 17. Nxe5 Qf6 18. Rfe1 Rad8 19. f3 Nb7 20. d7 Nc5 21. Rad1 Kh8 22. Qd6 g6 23. Qc7 Qg7 24. Qxa7 1-0

[Event "Primorsko op"]
[Site "Primorsko"]
[Date "2021.09.17"]
[Round "5"]
[White "Aslanov, Umid Fuad"]
[Black "Nikolov, Yavor"]
[Result "1-0"]
[WhiteElo "2147"]
[BlackElo "1993"]
[PlyCount "57"]
[EventDate "2021.09.13"]
[EventType "swiss"]
[EventRounds "9"]
[EventCountry "BUL"]
[SourceTitle "CBM 204 Extra"]
[Source "ChessBase"]
[SourceDate "2021.11.30"]
[SourceVersion "1"]
[SourceVersionDate "2021.11.30"]
[SourceQuality "1"]

1. e4 c6 2. d4 d5 3. Nd2 dxe4 4. Nxe4 Nf6 5. Nxf6+ exf6 6. c3 Bd6 7. Bd3 Na6 8. Qc2 h5 9. Ne2 Nc7 10. 0-0 Nd5 11. Bd2 Qc7 12. h3 Be6 13. c4 Nf4 14. Nxf4 Bxf4 15. Bxf4 Qxf4 16. d5 Bd7 17. Rfe1+ Kd8 18. dxc6 bxc6 19. Rad1 Re8 20. Be2 Kc7 21. c5 Re5 22. Qc3 a5 23. Qb3 Qb4 24. Qxf7 Rd8 25. Qxg7 Qxb2 26. Qxf6 Rxe2 27. Qd6+ Kc8 28. Rxe2 Qxe2 29. Rb1 1-0

[Event "Primorsko op"]
[Site "Primorsko"]
[Date "2020.09.14"]
[Round "1"]
[White "Nikolov, Yavor"]
[Black "Chatalbashev, Boris"]
[Result "0-1"]
[WhiteElo "2006"]
[BlackElo "2517"]
[PlyCount "102"]
[EventDate "2020.09.14"]
[EventType "swiss"]
[EventRounds "9"]
[EventCountry "BUL"]
[SourceTitle "CBM 198 Extra"]
[Source "ChessBase"]
[SourceDate "2020.11.30"]
[SourceVersion "1"]
[SourceVersionDate "2020.11.30"]
[SourceQuality "1"]

1. e4 g6 2. d4 Bg7 3. Nc3 d6 4. Be3 a6 5. Qd2 Nd7 6. g4 b5 7. 0-0-0 Bb7 8. f3 Nb6 9. Bd3 d5 10. e5 e6 11. h4 c5 12. h5 c4 13. Bf1 Ne7 14. hxg6 hxg6 15. Rxh8+ Bxh8 16. Qh2 Kd7 17. Nh3 b4 18. Ne2 Nc6 19. Ng5 Qe7 20. f4 c3 21. b3 a5 22. Kb1 a4 23. Nc1 Na5 24. Nd3 axb3 25. cxb3 Kc7 26. f5 gxf5 27. gxf5 Nac4 28. Bc1 exf5 29. Nxf7 c2+ 30. Qxc2 Qxf7 31. bxc4 dxc4 32. Nxb4 Bg7 33. Bg2 Rb8 34. Bf4 Qe7 35. a3 Kc8 36. Qxf5+ Nd7 37. Qc2 Bf8 38. Qxc4+ Kd8 39. Bxb7 Rxb7 40. Rc1 Nb6 41. Qa6 Qh7+ 42. Kb2 Bxb4 43. axb4 Qd7 44. Bg5+ Ke8 45. Qd3 Qe6 46. Qb5+ Kf7 47. Rf1+ Kg8 48. Qd3 Nc4+ 49. Kc3 Rc7 50. Rf6 Nxe5+ 51. Kd2 Qa2+ 0-1

[Event "Pardubice Czech op-C 30th"]
[Site "Pardubice"]
[Date "2019.07.20"]
[Round "1"]
[White "Avilova, Yulia"]
[Black "Nikolov, Yavor"]
[Result "0-1"]
[WhiteElo "1602"]
[BlackElo "2030"]
[PlyCount "118"]
[EventDate "2019.07.20"]
[EventType "swiss"]
[EventRounds "9"]
[EventCountry "CZE"]
[SourceTitle "EXT 2020"]
[Source "ChessBase"]
[SourceDate "2019.10.17"]
[SourceVersion "1"]
[SourceVersionDate "2019.10.17"]
[SourceQuality "1"]

1. Nf3 d5 2. e3 Nf6 3. c4 g6 4. cxd5 Nxd5 5. Nc3 Bg7 6. Bc4 Nb6 7. Be2 0-0 8. 0-0 Nc6 9. d4 Be6 10. b3 a5 11. Bb2 Qb8 12. Qc1 Rd8 13. Rd1 a4 14. Ng5 Bd7 15. d5 Ne5 16. f3 Be8 17. Ba3 axb3 18. axb3 Nc8 19. f4 Nd7 20. Ne6 fxe6 21. dxe6 Nd6 22. exd7 Bxd7 23. Bxd6 Rxa1 24. Bc4+ Kh8 25. Qxa1 exd6 26. Qc1 b5 27. Bd3 Re8 28. g4 Qa7 29. Re1 Qa5 30. Ne4 Be6 31. Qd2 Qxd2 32. Nxd2 Bc3 33. Re2 Bxd2 34. Bxb5 Rb8 35. Bc4 Bxc4 36. bxc4 Rb1+ 37. Kf2 Rb2 38. Kf3 Bc3 39. Rxb2 Bxb2 40. Ke4 c6 41. f5 g5 42. Kd3 Kg7 43. e4 Kf6 44. Ke3 Ke5 45. Kd3 c5 46. Ke3 Ba1 47. Kf3 Kd4 48. f6 Kxc4 49. f7 Bg7 50. Ke3 Kc3 51. e5 dxe5 52. Ke4 Kb3 53. Kf5 c4 54. Kxg5 c3 55. Kh5 c2 56. g5 c1Q 57. g6 h6 58. Kg4 Qf4+ 59. Kh5 Qg5# 0-1

[Event "Zadar op-B 25th"]
[Site "Zadar"]
[Date "2018.12.22"]
[Round "9"]
[White "Nikolov, Yavor"]
[Black "Bozanic, Ivica"]
[Result "1-0"]
[WhiteElo "1858"]
[BlackElo "2162"]
[PlyCount "75"]
[EventDate "2018.12.15"]
[EventType "swiss"]
[EventRounds "9"]
[EventCountry "CRO"]
[SourceTitle "CBM 188 Extra"]
[Source "ChessBase"]
[SourceDate "2019.02.26"]
[SourceVersion "1"]
[SourceVersionDate "2019.02.26"]
[SourceQuality "1"]

1. e4 c5 2. Nf3 Nc6 3. d3 g6 4. g3 Bg7 5. Bg2 d6 6. 0-0 e5 7. c3 Nge7 8. Qe2 0-0 9. Rd1 a6 10. Na3 b5 11. Nc2 Rb8 12. d4 Qc7 13. dxc5 dxc5 14. Ne3 Rd8 15. Rxd8+ Nxd8 16. Nc2 Ne6 17. Ng5 h6 18. Nxe6 Bxe6 19. h3 a5 20. Be3 c4 21. b4 axb4 22. Nxb4 Ra8 23. Qd2 Kh7 24. Rd1 Nc6 25. Nd5 Qb7 26. Rb1 Bf8 27. Nf6+ Kh8 28. Bxh6 Bg7 29. Bxg7+ Kxg7 30. Nd5 Rd8 31. Qb2 Ra8 32. Bf1 Ne7 33. Bxc4 f5 34. Qxb5 Qxb5 35. Rxb5 fxe4 36. Rb7 Kf8 37. Rxe7 Bxd5 38. Bxd5 1-0

[Event "Zadar op-B 25th"]
[Site "Zadar"]
[Date "2018.12.21"]
[Round "8"]
[White "Nikolov, Yavor"]
[Black "Jelecevic, Ivo"]
[Result "1-0"]
[WhiteElo "1858"]
[BlackElo "2079"]
[PlyCount "77"]
[EventDate "2018.12.15"]
[EventType "swiss"]
[EventRounds "9"]
[EventCountry "CRO"]
[SourceTitle "CBM 188 Extra"]
[Source "ChessBase"]
[SourceDate "2019.02.26"]
[SourceVersion "1"]
[SourceVersionDate "2019.02.26"]
[SourceQuality "1"]

1. e4 c5 2. Nf3 Nc6 3. d3 g6 4. g3 Bg7 5. Bg2 e6 6. 0-0 Nge7 7. c3 d5 8. Qe2 b6 9. Rd1 Ba6 10. c4 0-0 11. Na3 Qd7 12. e5 Rad8 13. Bd2 Qc7 14. Re1 Nf5 15. Bc3 Nfd4 16. Bxd4 cxd4 17. b3 Rfe8 18. Rad1 Bf8 19. Nb5 Qd7 20. Nfxd4 Bxb5 21. Nxb5 Bb4 22. Rf1 d4 23. Bxc6 Qxc6 24. Nxa7 Qa8 25. Nb5 Rd7 26. Qb2 Red8 27. a3 Be7 28. b4 Qc6 29. Ra1 f6 30. exf6 Bxf6 31. a4 Ra8 32. f4 e5 33. fxe5 Bxe5 34. Qg2 Qc8 35. Qe4 Bg7 36. Qe6+ Kh8 37. Nd6 Qc7 38. Nf7+ Kg8 39. Ne5+ 1-0

[Event "Zadar op-B 25th"]
[Site "Zadar"]
[Date "2018.12.16"]
[Round "2"]
[White "Nikolov, Yavor"]
[Black "Yordanova, Svetla"]
[Result "0-1"]
[WhiteElo "1858"]
[BlackElo "2076"]
[PlyCount "100"]
[EventDate "2018.12.15"]
[EventType "swiss"]
[EventRounds "9"]
[EventCountry "CRO"]
[SourceTitle "CBM 188 Extra"]
[Source "ChessBase"]
[SourceDate "2019.02.26"]
[SourceVersion "1"]
[SourceVersionDate "2019.02.26"]
[SourceQuality "1"]

1. e4 g6 2. d4 c6 3. Nf3 d5 4. e5 Nh6 5. Bd3 Bg7 6. 0-0 0-0 7. Bd2 f6 8. Re1 Nf7 9. Bf4 Bg4 10. e6 Ng5 11. Bxg5 fxg5 12. Be2 Bxf3 13. Bxf3 Qb6 14. Qd2 Bxd4 15. c3 Bxf2+ 16. Qxf2 Qxf2+ 17. Kxf2 g4 18. Nd2 Na6 19. Kg1 gxf3 20. Nxf3 Nc5 21. Re3 Rf6 22. Ng5 Kg7 23. b4 Na6 24. Rae1 Nc7 25. Nf3 a5 26. a3 axb4 27. axb4 Ra2 28. h3 Ra3 29. Nd4 Rf4 30. g3 Rf6 31. g4 Ra2 32. R3e2 Ra3 33. Re3 Ne8 34. Kg2 Nd6 35. g5 Rf8 36. h4 Ne4 37. c4 Rxe3 38. Rxe3 Rf4 39. cxd5 cxd5 40. Nf3 Nd6 41. Rd3 Nf5 42. Kh3 Rxb4 43. h5 gxh5 44. Rxd5 Nd6 45. Ne5 Rb3+ 46. Kh4 Nf5+ 47. Kxh5 Rb4 48. g6 h6 49. Nc4 Ng3+ 50. Kg4 Ne4 0-1

[Event "Teteven op 32nd"]
[Site "Teteven"]
[Date "2018.08.16"]
[Round "6"]
[White "Strugov, Stojan"]
[Black "Nikolov, Yavor"]
[Result "0-1"]
[WhiteElo "1579"]
[BlackElo "1775"]
[PlyCount "60"]
[EventDate "2018.08.11"]
[EventType "swiss"]
[EventRounds "9"]
[EventCountry "BUL"]
[SourceTitle "CBM 186 Extra"]
[Source "ChessBase"]
[SourceDate "2018.08.24"]
[SourceVersion "1"]
[SourceVersionDate "2018.08.24"]
[SourceQuality "1"]

1. d4 Nf6 2. c4 g6 3. Nc3 d5 4. Nf3 Bg7 5. e3 0-0 6. Bd3 c5 7. 0-0 Nc6 8. a3 cxd4 9. exd4 Bg4 10. Ne2 Bxf3 11. gxf3 e5 12. dxe5 Nxe5 13. Ng3 dxc4 14. Be4 Qxd1 15. Rxd1 Nxe4 16. fxe4 Nd3 17. Rd2 Nxc1 18. Rxc1 Bh6 19. Rcc2 Bxd2 20. Rxd2 Rac8 21. Rd7 c3 22. bxc3 Rxc3 23. a4 Rc4 24. a5 Rb8 25. a6 b5 26. Rxa7 b4 27. Rb7 Rcc8 28. Nf1 Rxb7 29. axb7 Rb8 30. Nd2 Rxb7 0-1

[Event "Teteven op 32nd"]
[Site "Teteven"]
[Date "2018.08.13"]
[Round "3"]
[White "Nikolov, Yavor"]
[Black "Ozgur, Algan"]
[Result "1-0"]
[WhiteElo "1775"]
[BlackElo "1340"]
[PlyCount "45"]
[EventDate "2018.08.11"]
[EventType "swiss"]
[EventRounds "9"]
[EventCountry "BUL"]
[SourceTitle "CBM 186 Extra"]
[Source "ChessBase"]
[SourceDate "2018.08.24"]
[SourceVersion "1"]
[SourceVersionDate "2018.08.24"]
[SourceQuality "1"]

1. e4 e5 2. Nf3 Nc6 3. Bc4 h6 4. 0-0 Nf6 5. d3 Be7 6. Nbd2 d6 7. c3 0-0 8. h3 Nh7 9. Re1 Na5 10. Bb5 c6 11. Ba4 b5 12. Bc2 f5 13. exf5 Bxf5 14. d4 Bxc2 15. Qxc2 exd4 16. Nxd4 Qd7 17. b4 Nc4 18. Nxc4 bxc4 19. Qe2 c5 20. Qxc4+ Kh8 21. Ne6 Rf6 22. Qd5 Qe8 23. Nc7 1-0

[Event "Pardubice Czech op-C 29th"]
[Site "Pardubice"]
[Date "2018.07.28"]
[Round "9"]
[White "Bachhuber, Dominik"]
[Black "Nikolov, Yavor"]
[Result "1-0"]
[WhiteElo "1897"]
[BlackElo "1680"]
[PlyCount "83"]
[EventDate "2018.07.21"]
[EventType "swiss"]
[EventRounds "9"]
[EventCountry "CZE"]
[SourceTitle "CBM 186 Extra"]
[Source "ChessBase"]
[SourceDate "2018.08.24"]
[SourceVersion "1"]
[SourceVersionDate "2018.08.24"]
[SourceQuality "1"]

1. d4 Nf6 2. Nc3 d5 3. Bf4 e6 4. e3 a6 5. h3 c5 6. Nf3 Nc6 7. Bd3 b5 8. dxc5 Bxc5 9. 0-0 0-0 10. Ne5 Nxe5 11. Bxe5 Nd7 12. Bg3 Bb7 13. Ne2 Rc8 14. c3 Nb6 15. Bc2 Qf6 16. Nf4 e5 17. Nd3 Nd7 18. Qg4 Bc6 19. Bh4 Qd6 20. Rad1 f5 21. Qe2 Rce8 22. Bb3 Kh8 23. Rd2 Nb6 24. Rfd1 Nc4 25. Rc2 e4 26. Nf4 Nxe3 27. fxe3 Qxf4 28. Bf2 Qe5 29. Rcd2 Rd8 30. c4 Bb4 31. Rd4 Bc5 32. cxd5 Bb7 33. R4d2 Rd6 34. Rc2 Bb6 35. Be1 f4 36. Bb4 Bxe3+ 37. Kh1 Rg6 38. Bxf8 Qg5 39. Rc7 f3 40. gxf3 exf3 41. Qxf3 Bf4 42. Rxb7 1-0